000 00300nam a22001337a 4500
008 170601b xxu||||| |||| 00| 0 eng d
020 _a9780077492007
041 _aeng
080 _22ND
_a93
100 _a17
101 _aSHH
245 _aTRADITIONS & ENCOUNTERS
_cBENTLEY, J.H
942 _2udc
_cBK
999 _c15466
_d15466